000 00481nam a2200169 i 4500
001 48813
003 ES-MaACL
005 20250725035239.0
007 t|
008 200904s1883 sp ||||1| spa d
245 0 0 _aPrecio ... del muestrario de colecciones de tipos para pequeñas prensas tipográficas.
260 _aMadrid :
_b[s.n.],
_c1883.
300 _ap. ;
_ccm.
650 7 _aTipos de imprenta
_2embne
_9147448
852 _aES-MaACL
_jT-563-F-1
999 _c48813
_d48813